| 000 | 00448pab a2200157 454500 | ||
|---|---|---|---|
| 008 | 180718b2004 xxu||||| |||| 00| 0 eng d | ||
| 100 | _aPorcello, Thomas | ||
| 245 | _aSpeaking of sound: language and the professionalization of sound-recording engineers | ||
| 260 | _c2004 | ||
| 300 | _ap.733-58. | ||
| 362 | _aOct | ||
| 650 | _aPhono records and the arts | ||
| 650 | _aSound recordings | ||
| 773 | _aSocial Studies of Science | ||
| 909 | _a63582 | ||
| 999 |
_c63582 _d63582 |
||